On hallowed ground / (Record no. 355998)
[ view plain ]
| 000 -LEADER | |
|---|---|
| fixed length control field | 00266nam a2200109Ia 4500 |
| 008 - FIXED-LENGTH DATA ELEMENTS--GENERAL INFORMATION | |
| fixed length control field | 180219s9999 xx 000 0 und d |
| 020 ## - INTERNATIONAL STANDARD BOOK NUMBER | |
| International Standard Book Number | 786904305 |
| 100 ## - MAIN ENTRY--PERSONAL NAME | |
| Personal name | McComb, Colin |
| 245 ## - TITLE STATEMENT | |
| Title | On hallowed ground / |
| 260 ## - PUBLICATION, DISTRIBUTION, ETC. (IMPRINT) | |
| Place of publication, distribution, etc | USA : |
| Name of publisher, distributor, etc | TSR inc |
| Date of publication, distribution, etc | 1995 |
| 300 ## - PHYSICAL DESCRIPTION | |
| Extent | 192 pages |
| Withdrawn status | Lost status | Damaged status | Home library | Current library | Shelving location | Date acquired | Source of acquisition | Total Checkouts | Full call number | Barcode | Date last seen | Price effective from | Koha item type |
|---|---|---|---|---|---|---|---|---|---|---|---|---|---|
| College Library | College Library | Fiction Section | 02/19/2018 | PL 6051 .M478 1995 | c21271 | 05/08/2018 | 02/19/2018 | Books |